Quale animale ha più esemplari? - Statistics

Statistiche generali
  • Questo quiz è stato fatto 27 volte
  • Il punteggio medio è 8 su 17
Statistiche sulle risposte
Domanda Risposta % Corretto
Quale animale ha più esemplari? Gatto
86%
Quale animale ha più esemplari? Cane
82%
Quale animale ha più esemplari? Maiale
82%
Quale animale ha più esemplari? Coniglio
73%
Quale animale ha più esemplari? Plancton
64%
Quale animale ha più esemplari? Tonno
64%
Quale animale ha più esemplari? Granchio
59%
Quale animale ha più esemplari? Merluzzo
55%
Quale animale ha più esemplari? Aquila
50%
Quale animale ha più esemplari? Capra
45%
Quale animale ha più esemplari? Sardina
36%
Quale animale ha più esemplari? Ape
23%
Quale animale ha più esemplari? Elefante
18%
Quale animale ha più esemplari? Rondine
18%
Quale animale ha più esemplari? Zebra
18%
Quale animale ha più esemplari? Coleottero
9%
Quale animale ha più esemplari? Puma
9%
Nessun quiz corrispondente trovato
Distribuzione punteggi
Percentuale di utenti per punteggio
Percentile per numero di risposta
I tuoi punteggi nel tempo
Non hai fatto questo quiz